Геологическое строение и радиоэкологическая ситуация района учебных практик в Хакасии; Проблемы геологии и освоения недр

Dades bibliogràfiques
Parent link:Проблемы геологии и освоения недр.— 2001.— С. 284-285
Autor principal: Кумарьков А. А.
Altres autors: Зятев Г. Г. (научный руководитель), Поцелуев А. А. Анатолий Алексеевич
Idioma:rus
Publicat: 2001
Matèries:
Format: MixedMaterials Capítol de llibre
KOHA link:https://koha.lib.tpu.ru/cgi-bin/koha/opac-detail.pl?biblionumber=48858

MARC

LEADER 00000naa2a2200000 4500
001 48858
005 20231031032434.0
035 |a (RuTPU)RU\TPU\book\51172 
035 |a RU\TPU\tpu\9062 
090 |a 48858 
100 |a 20030324d2001 k y0rusy50 ca 
101 0 |a rus 
102 |a RU 
200 1 |a Геологическое строение и радиоэкологическая ситуация района учебных практик в Хакасии  |f А. А. Кумарьков  |g науч. рук. Г. Г. Зятев, А. А. Поцелуев 
463 1 |0 (RuTPU)RU\TPU\book\41379  |y 5-93629-096-4  |t Проблемы геологии и освоения недр  |o труды Пятого Международного научного симпозиума им. ак. М. А. Усова студентов, аспирантов и молодых ученых, посвященного 100-летию горно-геологического образования в Сибири, Томск, 9-13 апреля 2001 г.  |f Российское геологическое общество;Томский политехнический университет  |v С. 284-285  |d 2001  |p 703 с. 
610 1 |a труды учёных ТПУ 
700 1 |a Кумарьков  |b А. А. 
702 1 |a Зятев  |b Г. Г.  |c доцент  |4 727 
702 1 |a Поцелуев  |b А. А.  |c геолог  |c профессор Томского политехнического университета, доктор геолого-минералогических наук  |f 1952-  |g Анатолий Алексеевич  |2 stltpush  |4 727 
801 1 |a RU  |b 63413507  |c 20020628  |g PSBO 
801 2 |a RU  |b 63413507  |c 20150720  |g PSBO 
942 |c BK